Marketing communications in tourism and hospitality : concepts, strategies and cases (Record no. 274201)

MARC details
000 -LEADER
fixed length control field 00492nam a2200169Ia 4500
005 - DATE AND TIME OF LATEST TRANSACTION
control field 20240704095459.0
008 - FIXED-LENGTH DATA ELEMENTS--GENERAL INFORMATION
fixed length control field 240126s9999 xx 000 0 und d
020 ## - INTERNATIONAL STANDARD BOOK NUMBER
International Standard Book Number 9780750682770
082 ## - DEWEY DECIMAL CLASSIFICATION NUMBER
Classification number 910.688 MCC;1 R
100 ## - MAIN ENTRY--PERSONAL NAME
Personal name Mc Cabe, Scott.
245 #0 - TITLE STATEMENT
Title Marketing communications in tourism and hospitality : concepts, strategies and cases
250 ## - EDITION STATEMENT
Edition statement 1st ed.
260 ## - PUBLICATION, DISTRIBUTION, ETC. (IMPRINT)
Name of publisher, distributor, etc. Elsevier
Place of publication, distribution, etc. Oxford
Date of publication, distribution, etc. 2009
300 ## - PHYSICAL DESCRIPTION
Extent xx, 300
440 ## - SERIES STATEMENT/ADDED ENTRY--TITLE
Title Hospitality, leisure, and tourism
942 ## - ADDED ENTRY ELEMENTS (KOHA)
Koha item type PESU Books
Holdings
Date last seen Total Checkouts Full call number Accession number Old discount Volume/Issue Number Cost, replacement price Price effective from Category Lost status Damaged status Department Withdrawn status bill no. Permanent Location Current Location Shelving location Entry date Vendor Cost, normal purchase price Grants Currency symbol Conversion rate Discount Discount type
26/01/2024   910.688 MCC;1 R PU2857 30 (01/07/1905) 2317.90 26/01/2024 PESU Books     HEM   IN11593 Central Library Central Library HM 08/01/2015 Info Book Distributors 50.95 HM USD 65 15.29 Rupees

© For any Suggestions or Query, please contact the library staff @ librarian@pes.edu or Phone: +9180 2672 1983/ 2108.